Statistics for Winter war trivia

Click here to take the quiz!

General Stats

  • This quiz has been taken 115 times
  • The average score is 8 of 20

Answer Stats

HintAnswer% Correct
Finnish city bombed in the first day of the warHelsinki
88%
Nicknamed "The white dead"Simo Häyha
85%
Finnish commander-in-chiefKarl Gustaf Mannerheim
71%
Country where most of the aid to Finland came fromSweden
62%
Person inspired to invade the Soviet Union after seeing the Soviet army performing badly during the winter warAdolf Hitler
60%
War in 1941-1944 where Finland tried to regain terretory lost to the Soviets after the Winter warContinuation War
58%
The defense of this city was the biggest reason for the Winter War to startLeningrad
57%
Anti-tank weapon designed by the finsMolotov cocktail
57%
City in which the peace treaty was signed after the warMoscow
54%
Main Finish defense lineMannerheim line
51%
Finnish name for isolated Soviet pockets of resistance after the Soviet Armies fell apartMotti
39%
Finnish village where the Finns stopped the Soviets cutting their country in half. The battle fought there is famous for it's 1:30 kill ratio.Suomussalmi
20%
How long the Winter War would be lasting according to the Soviet leadershipTwo weeks
20%
Only Finnish province where a full-scale invasion could take placeKarelian Isthmus
10%
Soviet commander who replaced the initial Soviet commander-in-chiefSemyon Timoshenko
10%
Initial Soviet commander-in-chiefKirill Meretskov
5%
Finnish close combat knifePuuko
5%
Puppet government the Soviet installed in the terretories they conqueredFinnish Democratic Republic
1%
Main conveyance for the Finnish army in the Northern regions of the countryReindeer sleigh
1%
Biggest city the Finish lost after the warViipuri (Vyborg)
1%

Score Distribution

Percentile by Number Answered

Percent of People with Each Score

Your Score History

You have not taken this quiz